MARC

LEADER 00000nam0a2200000 4500
001 25320
005 20231101205648.0
010 |a 5922100319 
035 |a (RuTPU)RU\TPU\book\25556 
035 |a BOOK00025631 
090 |a 25320 
100 |a 20011209d2000 m y0rusy50 ca 
101 0 |a eng  |a rus 
102 |a RU 
105 |a a j 000zy 
200 1 |a Сравнительная типология английского и русского языков  |e учебное пособие  |f В. Д. Аракин  |g под ред. М. Д. Резвецовой 
205 |a 3-е изд. 
210 |a Москва  |c Физматлит  |d 2000 
215 |a 256 с. 
606 |a Английский язык  |x Учебные руководства и пособия  |x Учебные руководства и пособия для высшей школы  |2 stltpush  |3 (RuTPU)RU\TPU\subj\29071  |9 52483 
610 1 |a учебные пособия 
610 1 |a сравнительная типология 
610 1 |a русский язык 
610 1 |a типологический анализ 
610 1 |a фонетика 
610 1 |a морфология 
610 1 |a синтаксис 
610 1 |a лексика 
686 |a Ш143.21-923  |v LBC/SL-A  |2 rubbk 
700 1 |a Аракин  |b В. Д.  |g Владимир Дмитриевич 
702 1 |a Резвецова  |b М. Д.  |4 340 
801 0 |a RU  |b 63413507  |c 20011209  |g PSBO 
801 2 |a RU  |b 63413507  |c 20171228  |g PSBO 
942 |c BK